ნორმალური ფორმატი
MARC ფორმატი
ჩანაწერი Personal Name
ჩანაწერთა რაოდენობა, რომელიც გამოყენებულია: 1
001 - CONTROL NUMBER
- control field: 25136
003 - CONTROL NUMBER IDENTIFIER
- control field: GE_BSU
005 - DATE AND TIME OF LATEST TRANSACTION
- control field: 20250527123532.0
008 - FIXED-LENGTH DATA ELEMENTS
- fixed length control field: 250527|| aca||aabn | a|a d
040 ## - CATALOGING SOURCE
- Original cataloging agency: GE_BSU
- Transcribing agency: GE_BSU
100 ## - HEADING--PERSONAL NAME
- Personal name: ჟიჟეკი, სლავოი
670 ## - SOURCE DATA FOUND
- Source citation: Work cat.: (GE_BSU): ჟიჟეკი, სლავოი, იდეოლოგიის ამაღლებული ობიექტი = The sublime object of ideology /
